000
00327nam a22001457a 4500
008
180813b xxu||||| |||| 00| 0 eng d
020
_a
9780721697840
041
_a
eng
080
_a
612.39
082
_2
11
100
_a
10
101
_a
NUT
245
_a
FOOD NUTRITION DIET THERAPY
_c
L.KATHLEEN
942
_2
udc
_c
BK
999
_c
47026
_d
47026